| 000 | 00000nam##2200000za#4500 |
| 001 | 9.700036 |
| 003 | CaOODSP |
| 005 | 20210625000643 |
| 007 | cr ||||||||||| |
| 008 | 150407|2003||||xxc|||||o f|0| 0 eng|d |
| 040 | |aCaOODSP|beng |
| 043 | |an-cn--- |
| 086 | 1 |aP35-144/2003E-PDF |
| 110 | 1 |aCanada. |bPublic Works and Government Services Canada. |
| 245 | 10|aCoaching practices for managers / |h[electronic resource]|c[on behalf of the] Government of Canada. |
| 260 | |aOttawa - Ontario : |bPublic Works and Government Services Canada |c2003. |
| 300 | |a26p.|btables |
| 500 | |aThe catalogue number (P35-144/2003) and ISBN (0-662-67340-9) for the bilingual print edition have been copied in this electronic publication. |
| 590 | |a14-19-Supp|b2014-11-03 |
| 690 | 07|aCoaching|2gcpds |
| 690 | 07|aManagement|2gcpds |
| 775 | 08|tPratiques de coaching pour gestionnaires / |w(CaOODSP)9.643949 |
| 856 | 40|ahttp://publications.gc.ca|qPDF|s1.18 MB|uhttps://publications.gc.ca/collections/collection_2014/tpsgc-pwgsc/P35-144-2003-eng.pdf |